00506nam a2200157Ia 4500008004100000040001800041041001200059082001800071100001600089245006600105260000900171300001100180942000700191952013500198999001500333230917s9999||||xx |||||||||||||| ||und|| e5008781aMAIN aEnglish a345.5406 Y11L aYadav, Atma 0aLaw relating to burden of proof in India: Problems and issues c2021 a201 p. cBK 0010406345_540600000000000_Y11L70916175aMAINbMAINd2022-06-24l0o345.5406 Y11Lp224681r2023-09-17 17:22:04w2023-09-17yBK c9935d9935